LEADER 00584nam a2200169 i 4500 001 000000258715 003 CaOOAMICUS 005 20180530000000.0 008 180530s1833 it u000 u ita u 013 $a237623 040 $aSeMil$bita 245 10$aTomo 7. 300 $a283 p. 773 0 $aMuratori, Ludovico Antonio <1672-1750>$tDissertazioni sopra le antichità italiane.$dFirenze : Leonardo Marchini, 1833.$g7$w()32309 850 $aSeMil 852 $aSeMil$W1$xVenegono$y1$m3V VI 86 FA$j209061$B209061$CSeMilBibl$Z2$F222762 $8I 996 $6245$aTomo 7$9(OLS)http://semarc/title/194411 LEADER 00898nam a2200205 i 4500 001 000000234089 003 CaOOAMICUS 005 20190329130617.0 008 141006s1734 it u000 u lat u 013 $a212992 026 $audo- 3.us e-*. imCA (C) 1734 (R) - [*= ae] 040 $aSeMil$bita 245 13$a5: P-R. 300 $a[4] p., 1562 col, [1] p. 500 $aSegn.: pg2 A-5E4 5F4(-5F4). 773 0 $aDu Cange, Charles <1610-1688>$tGlossarium ad scriptores mediae et infimae latinitatis, auctore Carolo Dufresne ... Tomus 1. [-6.].$bEditio nova locupletior et auctior, opera & studio monachorum ordinis S. Benedicti.$dParisiis : Sub Oliva Caroli Osmont, via San-Jacobaea, 1733-1736.$g5$w()30648 850 $aSeMil 852 $aSeMil$W1$xVenegono$y1$m1A VIII 12 FA$j184435$B184435$CSeMilBibl$Z2$F195420 $8I 996 $6245$a5: P-R$9(OLS)http://semarc/title/192830